01011nam a2200265 a 450000500170000000800410001702000180005804100080007610000230008424500910010725000370019826000340023530000160026950001420028565300300042765300300045765300250048765300280051265300330054065300590057365300340063265300250066665300330069170000210072420240507105426.0100428t2013||||ag a f |||| 000 0 spa d a9789509647961 aspa1 aChidekel, Aaron S. aConsultas sobre el asma en Pediatría.b49 preguntas clínicas /cAaron S. Chidekel. a1a ed.bTraducción Olga Burlak aBuenos Aires: bAnejo;c2013. a245 p.bil. aChidekel, A. S. y Zaoutis, L. B. (2013). Consultas sobre el asma en pediatría. 49 preguntas clínicas. (1a ed.). Buenos Aires : Anejo. aEpidiomiología del asma aFisiopatología del asma aTratamiento del asma aInfluencias ambientales 3aEl paciente externo con asma aEmergencia asmática y cuidado del paciente internado aEducación respecto del asma aPruebas para el asma aOtras claves del tratamiento1 aZaoutis, Lisa B.